| 000 | 00428nam a2200133Ia 4500 | ||
|---|---|---|---|
| 008 | 231129s9999||||xx |||||||||||||| ||spa|| | ||
| 020 | _a84-8276-273-7 | ||
| 040 | _bspa | ||
| 082 | _a500.1 R744i (EN PROCESO DE DESCARTE) | ||
| 100 | _aRoldan Gabriel | ||
| 245 | 0 | _aIntroduccion a las ciencias : el hombre la tierra y el universo | |
| 264 | _aBogotá (Colombia): Norma | ||
| 942 |
_2ddc _cBKS |
||
| 999 |
_c15924 _d15924 |
||